Evènements vécus par Jeanne Calment - Mort subite - Statistiques

Statistiques générales
  • Ce quiz a été pris 120 fois
  • Le résultat moyen est 6 sur 17
Answers on the Grid
Answers color-coded by a green-red scale on the quiz's grid according to % correct below.
La construction de la statue de la Liberté
L'éruption du Krakatoa
Le Second Empire
La construction de la Tour Eiffel
L'affaire Dreyfus
La première guerre mondiale
Le naufrage du Titanic
L'invention du cinéma
La seconde guerre mondiale
La chute de l'URSS
Le couronnement d'Elisabeth II
La crise des missiles de Cuba
Les premiers Jeux Olympiques modernes
Le premier homme sur la Lune
La victoire de la France en Coupe du Monde
Le centenaire de la révolution française
Le bicentenaire de la révolution française
La sortie du premier Harry Potter en roman
La mort de Lady Diana
Sortie de la GameBoy en France
La fondation de Google
Adolphe Thiers président
La sortie de Mulan au cinéma
20 président américains différents
 
Statistiques - réponses
Réponse % Correct
La chute de l'URSS a eu lieu le 26 décembre 1991 et a marqué la fin de la guerre froide. La chute de l'URSS
60%
La première guerre mondiale a eu lieu du 28 juillet 1914 au 11 novembre 1918. La première guerre mondiale
56%
La seconde guerre mondiale a eu lieu du 1er septembre 1939 au 2 septembre 1945. La seconde guerre mondiale
56%
Elisabeth II a été couronnée le 2 juin 1953 et a régné jusqu'a sa mort le 8 septembre 2022. Le couronnement d'Elisabeth II
45%
Neil Armstrong a posé le pied sur la Lune le 21 juillet 1969. Le premier homme sur la Lune
44%
L'affaire Dreyfus a eu lieu de 1894 a 1906 L'affaire Dreyfus
43%
Le Titanic a sombré dans la nuit du 14 au 15 avril 1912. Le naufrage du Titanic
43%
La crise des missiles de Cuba a eu lieu du 14 au 27 octobre 1962 et a été le point le plus tendu de la geurre froide. La crise des missiles de Cuba
37%
La GameBoy est sortie en 1990 en France. Sortie de la GameBoy en France
37%
Le centenaire de la révolution française a logiquement été célébré en 1889. Le centenaire de la révolution française
35%
Le bicentenaire de la révolution française a logiquement été célébré en 1989. Le bicentenaire de la révolution française
31%
La Tour Eiffel a été inaugurée en 1889 lors de l'exposition universelle de Paris. La construction de la Tour Eiffel
28%
Les premiers jeux olympiques modernes ont eu lieux a Athènes du 6 au 15 avril 1896. Les premiers Jeux Olympiques modernes
25%
La statue de la Liberté a été inauguré en 1886. La construction de la statue de la Liberté
20%
Harry Potter a été crée le 26 juin 1997 soit plusieurs semaines avant la mort de Jeanne Calment. La sortie du premier Harry Potter en roman
20%
Le cinéma a été inventé par les Frères Lumières en 1895. L'invention du cinéma
19%
Le Krakatoa est un volcan indonésien entré en éruption en 1883 produisant le bruit le plus fort entendu sur Terre et des conséquences jusqu'en Europe du Nord. L'éruption du Krakatoa
7%
Aucun quiz correspondant
Distribution des résultats
% des personnes avec chaque résultat
Percentile par nombre de réponses
Votre historique - résultats
Vous n’avez pas pris ce quiz